000
00272 a2200121 4500
000
nam a22 7a 4500
020
_a
9789392211911
100
_a
Rustagi,R.P
_9
95
245
_a
Taxmanns financial management
250
_a
6
260
_b
Taxmann
_c
2022
264
_b
Taxmann
999
_c
35981
_d
35981